Boissons fermentées - Statistiques

Statistiques générales
  • Ce quiz a été pris 76 fois
  • Le résultat moyen est 7 sur 14
Statistiques - réponses
Ingrédient Boisson % Correct
Raisin Vin
98%
Houblon Bière
89%
Riz Saké
83%
Anis Raki
78%
Pomme Cidre
77%
Pomme de terre Vodka
75%
Miel Hydromel
52%
Citron Limoncello
40%
Agave Tequila
31%
Absinthe Absinthe
28%
Manioc Cachiri
2%
Eau Kilju
2%
Lait Koumis
2%
Palmier Sodabi
0%
Aucun quiz correspondant
Distribution des résultats
% des personnes avec chaque résultat
Percentile par nombre de réponses
Votre historique - résultats
Vous n’avez pas pris ce quiz